000 00475nam a2200193Ia 4500
003 GCL
008 140319s9999 xx 000 0 eng d
040 _aGCL /
_cGCL
082 0 4 _aCC
_b932
_bH I
100 1 _aHARRIES, GERALDINE
245 1 0 _aISIS AND OSIRIS /
_cHARRIES, GERALDINE
260 _a[S.N] :
_bBRITISH MUSEUM PRESS ،
_c1996
300 _a489 P
650 0 4 _aANCIENT EGYPT
650 0 4 _aEGYPTOLOGY
650 0 4 _aISIS
650 0 4 _aOSIRIS
942 _2ddc
_cBK
999 _c15901
_d15901